00761nam a2200217 a 450000100060000000300080000600500170001400800410003103500190007204000350009104100080012608200240013410000210015824500920017926000690027130000390034050200750037950400360045465000270049070000260051784070BD-RjUL20241003112944.0241003s1970 us a|||| m||| 00| 0 eng d a(BD-RjUL)84070 aBD-RjULbengcBD-RjULdBD-RjUL aeng 223a954.9bAKE 1970 aAkanda, Safar A.10aEast Pakistan and Politics of RegionalismcBy Safar A. Akanda ;6Supervisor : H. Bayley aRajshahi :bDepartment of Histroy, University of Rajshahi,c1970 axiii, 377 Leaves :bill, ;c29 cm. aThesis (Ph. D.) -- Department of Histroy, University of Rajshahi, 1970 aBibliography : Leaves [335]-362 aPoliticsvJurisdiction aBayley, H. Supervisor